000 00646cam a2200241 4500
001 ABS68314
008 041012n2004 000 0 eng u
035 _a(Sirsi) u127668
245 _aFocus: Ireland
260 _c2004
490 _aEstates Gazette
_v Focus Supplement, October 2004 (33) (LOAN)
590 _aABS
590 _aABS
650 _aNORTHERN IRELAND
650 _aBELFAST
650 _aDUBLIN
650 _aPROPERTY-COMMERCIAL PROPERTY-RETAIL PROPERTY-RETAIL PROPERTY MARKET
650 _aOFFICE MARKET
650 _aINDUSTRIAL MARKET
650 _aAGENCIES
690 _aCOMMERCIAL PROPERTY-MARKET
942 _n0
999 _c118140
_d118140